LEADER 01486nam 2200373 450 001 9910705107903321 005 20140314144932.0 035 $a(CKB)5470000002448282 035 $a(OCoLC)872635141 035 $a(EXLCZ)995470000002448282 100 $a20140314d2014 ua 0 101 0 $aeng 135 $aur||||||||||| 181 $ctxt$2rdacontent 182 $cc$2rdamedia 183 $acr$2rdacarrier 200 10$aCultural property $eagreement between the United States of America and Cambodia amending and extending the memorandum of understanding of September 19, 2003, effected by exchange of notes at Phnom Penh, July 18 and August 6, 2013 210 1$a[Washington, D.C.] :$cUnited States Department of State,$d[2014?] 215 $a1 online resource (10 unnumbered pages) 225 1 $aTreaties and other international acts series ;$v13-806.1 300 $aTitle from title screen (viewed on March 14, 2014). 517 $aCultural property 606 $aCultural property$xProtection$xLaw and legislation$zUnited States 606 $aCultural property$xProtection$xLaw and legislation$zCambodia 615 0$aCultural property$xProtection$xLaw and legislation 615 0$aCultural property$xProtection$xLaw and legislation 712 02$aUnited States, 712 02$aUnited States.$bDepartment of State, 801 0$bGPO 801 1$bGPO 906 $aBOOK 912 $a9910705107903321 996 $aCultural property$93439492 997 $aUNINA LEADER 01825nam0 2200409 i 450 001 CFI0129873 005 20251003044124.0 010 $a8814016216 020 $aIT$b90-7489 100 $a20130827d1988 ||||0itac50 ba 101 | $aita 102 $ait 181 1$6z01$ai $bxxxe 182 1$6z01$an 200 1 $aˆLa ‰filiale comune internazionale$econtributo allo studio della cooperazione internazionale fra imprese$fPiero Pennetta 210 $aMilano$cA. Giuffrè$d1988 215 $aXI, 274 p.$d24 cm. 225 | $aQuaderni di Giurisprudenza commerciale$v98 410 0$1001CFI0005764$12001 $aQuaderni di Giurisprudenza commerciale$v98 606 $aJoint ventures$xDiritto internazionale privato$2FIR$3CFIC052251$9I 676 $a340.9$9Conflitto di leggi. (Classificare qui il Diritto internazionale privato).$v12 676 $a340.9$9CONFLITTO DI LEGGI$v19 676 $a341.753$9DIRITTO INTERNAZIONALE DELL'ECONOMIA. ORGANIZZAZIONE E GESTIONE DEGLI AFFARI$v21 696 $aConflitti di legge$aDiritto privato internazionale$aConflitto di leggi$aJoint-ventures 699 $aDiritto internazionale privato$zConflitti di legge 699 $aDiritto internazionale privato$yDiritto privato internazionale 699 $aDiritto internazionale privato$zConflitto di leggi 699 $aJoint ventures$yJoint-ventures 700 1$aPennetta$b, Piero$3CFIV079471$4070$0230641 801 3$aIT$bIT-000000$c20130827 850 $aIT-BN0095 901 $bNAP 01$cD $n$ 912 $aCFI0129873 950 0$aBiblioteca Centralizzata di Ateneo$c1 v.$d 01D (AR) 8 797$e 01AR 0070087975 VMA 1 v.$fY $h20151123$i20151123 977 $a 01 996 $aFiliale comune internazionale$962356 997 $aUNISANNIO